00485nam a2200133 a 450000500170000000800410001705000250005810000350008324501260011826000270024444000330027165000180030465000290032220140414093841.0081120s19uu xx uuu eng d aVCD 793.31bB34 2002 aBayanihan Folk Arts Foundation aCordillera Suite, Vol 4 :bdances from the mountainous regions of Northern Philippines /cBayanihan Folk Arts Foundation. bIvory Records,cc2002. aInstructional Video Series 1 aFolk Dancing. aFolk DancexPhilippines.